<?xml version="1.0" encoding="UTF-8"?><?xml-stylesheet type="text/xsl" href="static/style.xsl"?><OAI-PMH xmlns="http://www.openarchives.org/OAI/2.0/" xmlns:xsi="http://www.w3.org/2001/XMLSchema-instance" xsi:schemaLocation="http://www.openarchives.org/OAI/2.0/ http://www.openarchives.org/OAI/2.0/OAI-PMH.xsd"><responseDate>2026-06-06T17:39:59Z</responseDate><request verb="GetRecord" identifier="oai:riuma.uma.es:10630/27469" metadataPrefix="marc">https://riuma.uma.es/rest/oai/request</request><GetRecord><record><header><identifier>oai:riuma.uma.es:10630/27469</identifier><datestamp>2026-02-03T12:33:17Z</datestamp><setSpec>com_10630_2254</setSpec><setSpec>col_10630_37959</setSpec></header><metadata><record xmlns="http://www.loc.gov/MARC21/slim" xmlns:dcterms="http://purl.org/dc/terms/" xmlns:doc="http://www.lyncode.com/xoai" xmlns:xsi="http://www.w3.org/2001/XMLSchema-instance" xsi:schemaLocation="http://www.loc.gov/MARC21/slim http://www.loc.gov/standards/marcxml/schema/MARC21slim.xsd">
   <leader>00925njm 22002777a 4500</leader>
   <datafield ind2=" " ind1=" " tag="042">
      <subfield code="a">dc</subfield>
   </datafield>
   <datafield ind2=" " ind1=" " tag="720">
      <subfield code="a">Hierrezuelo-Osorio, José Manuel</subfield>
      <subfield code="e">author</subfield>
   </datafield>
   <datafield ind2=" " ind1=" " tag="720">
      <subfield code="a">Cano-Iglesias, María José</subfield>
      <subfield code="e">author</subfield>
   </datafield>
   <datafield ind2=" " ind1=" " tag="720">
      <subfield code="a">López-Fernández, María del Mar</subfield>
      <subfield code="e">author</subfield>
   </datafield>
   <datafield ind2=" " ind1=" " tag="720">
      <subfield code="a">Franco-Mariscal, Antonio Joaquín</subfield>
      <subfield code="e">author</subfield>
   </datafield>
   <datafield ind2=" " ind1=" " tag="260">
      <subfield code="c">2023</subfield>
   </datafield>
   <datafield ind2=" " ind1=" " tag="520">
      <subfield code="a">Argumentation and decision-making are fundamental in the training of industrial engineers to effectively develop their critical thinking skills. Despite this, engineering education focuses on technical aspects that hardly promote the development of these skills in the classroom. To promote them, a specific training programme in critical thinking for industrial engineers was proposed, which, among other activities, included short debates on socio-scientific problems. This paper presents the impact of a debate on manual versus mass production on 30 students of the Degree in Industrial Technologies Engineering at the University of Malaga (Spain) acting as listeners. To assess this impact, we analyse the argued decisions made by the listeners about the problem before and after the activity, finding that the initial position of the majority was manual manufacturing based on social evidence, and the final position was mass production based on scientific-technical evidence such as economic aspects or the quality of the manufactured product. The arguments used by the debaters were scientifically vague but had an essential effect on changing decisions, especially the evidence used, which the listeners made their own</subfield>
   </datafield>
   <datafield ind1="8" ind2=" " tag="024">
      <subfield code="a">https://hdl.handle.net/10630/27469</subfield>
   </datafield>
   <datafield tag="653" ind2=" " ind1=" ">
      <subfield code="a">Pensamiento crítico</subfield>
   </datafield>
   <datafield tag="653" ind2=" " ind1=" ">
      <subfield code="a">Aptitudes de aprendizaje</subfield>
   </datafield>
   <datafield ind2="0" ind1="0" tag="245">
      <subfield code="a">Promoting critical thinking skills through debates in engineering education. A case study on manufacturing.</subfield>
   </datafield>
</record>
</metadata></record></GetRecord></OAI-PMH>